000 00911nas a2200301 4500
001 BR0300406
003 BR-BrBNA
005 20231205103522.0
007 ta
008 230509b bl.|||p| |||| 00| 00por d
040 _aBR-BrBNA
_bpor
_cBiblioteca Nacional de Agricultura
041 _a(Pt)
072 _aF03
100 1 _aTorres, S.B.
100 1 _aMarcos-Filho, J.
245 1 _aTeste de envelhecimento acelerado em sementes de maxixe (Cucumis anguria L.)
650 _aMAXIXE
650 _aTESTE DE SEMENTES
650 _aENVELHECIMENTO PRECOCE
650 _aGERMINAÇÃO
650 _aFISIOLOGIA VEGETAL
650 _aRESPOSTA DA PLANTA
650 _aTEOR DE UMIDADE
650 _aCONDUTIVIDADE ELÉTRICA
773 0 _tRevista Brasileira de Sementes (Brazil)
_xISSN 0101-3122
_g(2001), v. 23(2) p. 108-112
_wBR0300406
909 _a202311
_bLúcia
_c55
_dLúcia Elande
942 _2AGRIS
_n0
_cANA
999 _c173302
_d173302